| 000 | 00000nam##2200000za#4500 |
| 001 | 9.608285 |
| 003 | CaOODSP |
| 005 | 20250403105224 |
| 007 | cr ||||||||||| |
| 008 | 150406|2015||||xxc|||||o f|0| 0 fre|d |
| 022 | |a1925-6507 |
| 040 | |aCaOODSP|bfre |
| 043 | |an-cn--- |
| 086 | 1 |aCS82-624/2015001-1F-PDF |
| 245 | 00|aCancers de l'appareil reproducteur féminin - tendances de l'incidence et de la mortalité / |h[ressource électronique]|cpar Tanya Navaneelan. |
| 260 | |aOttawa - Ontario : |bStatistique Canada |cDate de diffusion : le 17 février 2015. |
| 300 | |a10p.|bgraphiques, références, tableaux |
| 490 | 1 |aCoup d’œil sur la santé|x1925-6507 |
| 590 | |a15-08|b2015-02-20 |
| 710 | 2 |aStatistique Canada. |
| 775 | 08|tTrends in the incidence and mortality of female reproductive system cancers / |w(CaOODSP)9.581472 |
| 830 | #0|aCoup d’œil sur la santé,|x1925-6507|w(CaOODSP)9.502759 |
| 856 | 40|ahttp://publications.gc.ca|qPDF|s2.92 Mo|uhttps://publications.gc.ca/collections/collection_2015/statcan/82-624-x/CS82-624-x2015001-1-fra.pdf |